[Event "YUG-chT"]
[Site "Tivat"]
[Date "1995.??.??"]
[Round "3"]
[White "Todorovic, Goran M"]
[Black "Bjelajac, Milan"]
[Result "0-1"]
[WhiteElo "2465"]
[BlackElo "2380"]
[Annotator "Gagarin,V"]
[PlyCount "98"]
[EventDate "1995.??.??"]
[EventType "team-swiss"]
[EventRounds "11"]
[EventCountry "YUG"]
[SourceTitle "CBM 048 Extra"]
[Source "ChessBase"]
[SourceDate "1995.11.01"]
[SourceVersion "1"]
[SourceVersionDate "1995.11.01"]
[SourceQuality "1"]

1. e4 c5 2. Nf3 Nc6 3. d4 cxd4 4. Nxd4 Nf6 5. Nc3 e5 6. Ndb5 d6 7. Bg5 a6 8.
Na3 Be6 9. Bxf6 gxf6 10. Bc4 (10. Nc4) (10. Nd5) 10... b5 (10... Qb6 $6 11. Nd5
Bxd5 12. Qxd5 O-O-O 13. O-O Rd7 14. Bb3 $16 {Pajak,J-Costigan,R/CAN/1987/1:0/
38/}) (10... Rc8 $5 {Sveshnikov/} 11. O-O b5 $1 (11... Nd4 12. Nd5 $16) (11...
h5 12. Nd5 $16) 12. Bxe6 fxe6 13. Qh5+ Ke7 14. Ne2 Qe8 $13) 11. Bd5 Rc8 12. Qh5
$6 $146 (12. Bxc6+ $5 Rxc6 13. Nd5 $14 {Kaliwoda-Gruenfeld/corr/1947/} f5 14.
exf5 Bxf5 15. Qf3 Qc8 16. Nf6+ Kd8 17. Nd5 Rg8 $14) 12... Qd7 13. Bxe6 Qxe6 14.
Nd5 Ne7 15. Nxe7 (15. O-O-O $6 f5 $1 16. Nxe7 $140 Qh6+ $1 17. Qxh6 Bxh6+ 18.
Kb1 Kxe7 $19) 15... Bxe7 16. c3 d5 $1 17. exd5 Qxd5 18. Qg4 Qe6 19. Qxe6 fxe6
20. Nc2 a5 $15 (20... Rd8 21. a4 $132) 21. Ne3 (21. O-O-O Rg8 22. g3 Bc5 23. f3
Ke7 24. Rhe1 h5 $15) 21... Bc5 (21... f5 22. a4 b4 23. Rc1 Kf7 24. Ke2 bxc3 25.
bxc3 $15) 22. Ke2 Rg8 23. g3 Ke7 24. Rhd1 h5 25. a4 (25. a3 $5 $15) 25... b4
26. cxb4 $6 (26. Rac1 bxc3 27. Rxc3 Bd4 28. Rxc8 Rxc8 29. Rb1 {/\ b4/} Bc5 30.
Nc4 Bb4 (30... Bxf2 31. Nxa5 Bd4 32. Kd3 $132 {/\ b4/}) 31. b3 $15) 26... Bxb4
27. Rac1 e4 28. Nc4 Rc5 (28... f5 29. Ne5 $1 Rxc1 30. Rxc1 Kf6 31. Nc6 $132)
29. Rd4 f5 30. b3 (30. Rcd1 $5 Rc7 31. b3 Bc3 (31... Rb8 $5 $15) 32. Rd6 Rb8
33. Rb6 (33. Ra6 Rxb3 34. Nxa5 Rb2+ $17) 33... Rcc8 $15) 30... Rgc8 31. Rc2 $2
(31. Rcd1 $1 R5c7 32. h3 {/\ g4/} Rb8 33. Rc1 $15) 31... Rd5 $1 $17 32. Ne3 $2
(32. Rxd5 exd5 33. Ne3 Rxc2+ 34. Nxc2 Bc5 35. Ne3 Ke6 $17) (32. Rd1 $8 Rxd1 33.
Kxd1 Rd8+ 34. Ke2 Rd3 35. Rb2 Kf6 $17) 32... Rxd4 33. Rxc8 Rd2+ 34. Kf1 Rd3 35.
Ra8 $6 (35. Rh8 $5) 35... Rxb3 $19 36. Nc4 Rf3 37. Ne5 (37. Ra7+ Kf6 38. Ra6
Bc5 $1 39. Rxa5 Rxf2+ 40. Ke1 (40. Kg1 Bd4 $19) 40... Bd4 $19) 37... Rc3 38.
Ra6 Rc1+ 39. Kg2 Rc2 40. Ng6+ (40. Nc6+ $5 Kf7 $1 (40... Kd7 41. Ne5+ Kc7 42.
Rxe6 e3 43. Nd3 $17) 41. Nd8+ Kg8 42. Rxe6 Bc5 $19) 40... Kf7 41. Nf4 (41. Ne5+
Kf6 42. Rc6 $8 Ra2 43. Nd7+ Ke7 $19) 41... e3 42. Kf3 e5 43. Ne2 (43. Ra7+ Ke8
44. Ra8+ Kd7 45. Ng6 (45. Ne2 e4+ 46. Kxe3 Bc5+ $19) 45... exf2 46. Nxe5+ Kd6
47. Nf7+ Ke6 48. Nd8+ Ke5 49. Kg2 Bc5 $19) 43... e4+ 44. Kxe3 Bc5+ 45. Nd4 Rc4
46. Rxa5 Bxd4+ 47. Kf4 e3 $1 48. Rxf5+ Ke6 49. fxe3 Be5+ 0-1

[Event "Ankara zt"]
[Site "Ankara"]
[Date "1995.??.??"]
[Round "3"]
[White "Minasian, Artashes"]
[Black "Grivas, Efstratios"]
[Result "0-1"]
[WhiteElo "2540"]
[BlackElo "2460"]
[Annotator "Gagarin,V"]
[PlyCount "86"]
[EventDate "1995.??.??"]
[EventType "swiss"]
[EventRounds "9"]
[EventCountry "TUR"]
[SourceTitle "CBM 049 Extra"]
[Source "ChessBase"]
[SourceDate "1996.01.01"]
[SourceVersion "1"]
[SourceVersionDate "1996.01.01"]
[SourceQuality "1"]

1. e4 c5 2. Nf3 Nc6 3. d4 cxd4 4. Nxd4 Qb6 5. Nb3 Nf6 6. Nc3 e6 7. Bd3 (7. Qe2
$5 {/\ g4/}) 7... d6 8. Be3 Qc7 9. f4 a6 10. Qf3 Be7 11. O-O-O b5 12. Kb1 (12.
g4 Bb7 (12... Nd7 13. Kb1 Bb7 14. g5 Nc5 15. Qh3 Na4 16. Ne2 Qd7 17. Rhf1 O-O-O
$13 {Kotronias,V-Akopian,V/Debrecen/1992/0:1/63/}) 13. g5 Nd7 14. Qh3 Nb4 $13)
12... Nb4 $1 (12... Bb7 13. g4 Nd7 14. Qf2 $5 O-O 15. g5 Nc5 16. Nxc5 dxc5 17.
e5 $13) 13. g4 Bb7 (13... d5 14. e5 Nd7 15. Rhe1 Nb6 16. f5 $13 {Hjartarson,
J-Agdestein,S/Tilburg/1989/0,5/20/}) 14. g5 Nd7 15. Qh3 (15. Rhf1 O-O 16. h4
Rac8 17. g6 Bf6 18. gxf7+ Rxf7 19. Bd4 e5 20. fxe5 Nxe5 21. Qh3 Nbxd3 22. cxd3
b4 23. Na4 Bc6 24. Nb6 Rb8 25. Nd5 Bxd5 26. exd5 Qd7 $15 {Kotronias,V-Grivas,E/
Zouberi (zt)/1993/0:1/62/}) 15... O-O $1 (15... Rc8 16. Nd4 O-O 17. f5 $13) 16.
Rhg1 (16. Nd4 $5 $13 {/\ f5/}) 16... Rfc8 17. Rd2 (17. Nd4 $5 Nxd3 18. cxd3 b4
19. Nce2 a5 20. Rc1 Nc5 $13) 17... Nxd3 18. cxd3 $8 b4 19. Nd1 (19. Ne2 $5 a5
20. Rc1 $13 {/\ Nbd4/}) 19... a5 20. Nf2 a4 21. Nd4 Ra5 $1 22. Ng4 Rc5 23. Rdg2
Ba6 24. Bd2 a3 25. Nh6+ gxh6 26. g6 $5 (26. gxh6+ Kh8 27. Qg3 Bg5 $1 $17 {-><</
}) 26... fxg6 $1 (26... hxg6 $2 27. Rxg6+ $1 fxg6 28. Rxg6+ Kf7 $8 29. Qxe6+
Ke8 30. Rg8+ Nf8 31. Rxf8+ $1 Kxf8 32. Qxh6+ Kf7 33. Qh7+ Ke8 34. Qg6+ Kd7 (
34... Kd8 35. Qg8+ $10) 35. Qe6+ Kd8 (35... Ke8 36. Qg6+ $10) 36. Qg8+ $10) 27.
Rxg6+ $6 (27. Qxe6+ $2 Kh8 28. Qxe7 $2 Bxd3+ 29. Ka1 Rc1+ $19) (27. Nxe6 $5 Rh5
28. Nxc7 (28. Qxh5 $4 Qc2+ $19) 28... Rxh3 29. Nxa6 Rxd3 30. Nxb4 (30. Bxb4 $4
Rc6 $19) 30... Rd4 $15) 27... Kh8 $1 $17 (27... hxg6 $2 28. Rxg6+ $10 {-26...
hg?/}) 28. Nxe6 $6 (28. Rxh6 $5 Nf6 29. Nxe6 Rg5 $3 {/\ Qc2/} 30. Nxc7 (30. Rc1
Qxc1+ $1 31. Bxc1 Rg1 32. bxa3 bxa3 33. Qe3 Bxd3+ $1 $19) 30... Rxg1+ 31. Kc2
Rxc7+ 32. Kb3 axb2 33. Kxb2 Rd1 34. Bxb4 Bxd3 $17) 28... Rh5 $1 $19 29. Rg8+ $8
(29. Qxh5 $4 Qc2+ $19) 29... Rxg8 30. Rxg8+ Kxg8 31. Qg3+ Rg5 $1 $8 32. fxg5 (
32. Nxc7 Rxg3 33. Nxa6 Rg2 $19) 32... Qb6 33. g6 (33. gxh6+ Kf7 34. Qg7+ Ke8
$19) (33. d4 $5 Kh8 34. g6 Qb5 35. Nf4 Qf1+ 36. Bc1 hxg6 $19) 33... Bf6 34.
gxh7+ Kxh7 35. Qh3 Kg8 36. Qg4+ Kf7 37. Nf4 (37. Qh5+ Ke7 $19) 37... Nf8 38.
Qh5+ Kg8 39. Qd5+ Kh8 40. Qf7 Bg7 41. Qe8 Qg1+ 42. Kc2 axb2 43. Be1 b1=Q+ 0-1

[Event "Olympiad-31"]
[Site "Moscow"]
[Date "1994.12.04"]
[Round "4.4"]
[White "Leko, Peter"]
[Black "San Segundo Carrillo, Pablo"]
[Result "1-0"]
[WhiteElo "2555"]
[BlackElo "2485"]
[Annotator "Gagarin,V"]
[PlyCount "107"]
[EventDate "1994.12.01"]
[EventType "team-swiss"]
[EventRounds "14"]
[EventCountry "RUS"]
[SourceTitle "CBM 045"]
[Source "ChessBase"]
[SourceDate "1995.04.01"]
[SourceVersion "1"]
[SourceVersionDate "1995.04.01"]
[SourceQuality "1"]
[WhiteTeam "Hungary"]
[BlackTeam "Spain"]
[WhiteTeamCountry "HUN"]
[BlackTeamCountry "ESP"]

1. e4 {Horvath,T} c5 2. Nf3 e6 3. d4 cxd4 4. Nxd4 Nf6 5. Nc3 Nc6 6. Ndb5 d6 7.
Bf4 e5 8. Bg5 a6 9. Na3 b5 10. Nd5 Qa5+ 11. Bd2 Qd8 12. c4 $5 (12. Nxf6+ Qxf6
13. Bd3 (13. c4)) 12... Nxe4 13. cxb5 Be6 14. Bc4 Ne7 15. O-O $5 (15. Be3 Rc8
$1 (15... Qa5+ $6 16. Ke2 Rc8 17. Qd3 $1 (17. Bb6 $2 Qxa3 $1 18. bxa3 Rxc4 $44
(18... Bxd5 $5 $36)) (17. Rc1 $2 Nxd5 18. Bxd5 Rxc1 19. Bxc1 Qxa3 $1 20. Bc6+
Bd7 {Zapata,A-Ochoa de Echaguen,F/Habana/1983/0:1/28/} 21. bxa3 Nc3+ 22. Kf3
Nxd1 23. Bxd7+ Kxd7 24. Rxd1 axb5 $19) 17... Bxd5 18. Bxd5 Nc5 19. Bxc5 Rxc5
20. Bb3 d5 21. Rhc1 $16 {Kruppa,Y-Vyzmanavin,A/Irkutsk/1986/1:0/38/}) 16. Nb6 (
16. Nxe7 $5) (16. Bb6 $5 {Sveshnikov/}) 16... d5 $1 17. Qa4 $5 (17. Nxc8 Nxc8
18. Bb3 (18. O-O $2 Bxa3 19. bxa3 dxc4 20. Qxd8+ Kxd8 21. bxa6 Kc7 $19 {
Gobet,F-Kasparov,G/Luzern(simult)/1987/0:1/34/}) 18... Qa5+ 19. Kf1 Bxa3 20.
bxa3 O-O $44) 17... dxc4 18. Rd1 Nd5 $8 19. bxa6+ Bd7 $1 20. Nxd7 Bb4+ 21. Kf1
Qxd7 $8 22. Qxd7+ Kxd7 23. Rxd5+ Ke6 24. Rb5 $1 Bxa3 $8 25. bxa3 Nc3 $1 26.
Rb6+ Kd7 $1 27. a7 Nd5 28. Rb7+ Ke6 $10 {Yudasin,L-Vyzmanavin,A/URS(ch I) Lvov/
1987/0,5/28/}) 15... Bxd5 $1 (15... Nxd5 $2 16. Bxd5 Bxd5 17. Ba5 $1 Qxa5 18.
Qxd5 Rc8 19. Qxe4 $16 {Kupreichik,V-Nikcevic,N/Cattolica/1992/1:0/28/}) 16.
Bxd5 (16. Ba5 $1 {Horvath,T} Qxa5 17. Bxd5 Rd8 18. Bxe4 d5 19. Bd3 Ng6 20. Nc2
Be7 21. Qe1 $1 $16 {Fernandez,Garcia-Antunes/Expo/1992}) 16... Nxd5 17. Ba5
Ndc3 $1 (17... Qxa5 $2 18. Qxd5 $16) 18. Bxc3 Nxc3 19. bxc3 Be7 $2 (19... d5 $1
20. Nc2 (20. Qa4 {Horvath,T} Bxa3 21. b6+ $1 $16) 20... axb5 21. Ne3 (21. Qe2
Be7 22. Qxe5 O-O $10) 21... Ba3 22. Nxd5 O-O $10) 20. Qb3 $16 Rb8 21. c4 d5 (
21... O-O 22. Rfd1 $16 {>< d5/} (22. Rfd1 {Horvath,T} Qa5 23. Rd5 $1 $16)) 22.
cxd5 O-O 23. Rfd1 Bxa3 24. Qxa3 Rxb5 (24... axb5 25. d6 $16 (25. d6 {Horvath,T}
Qd7 $18)) 25. d6 Qa5 (25... Ra5 26. Qe3 Qd7 27. Qc3 Qd8 28. Rac1 e4 29. Qc4 $16
) 26. Qf3 $1 (26. Qxa5 $6 Rxa5 27. d7 Rd8 28. Rac1 Kf8 {/\ Ke7/}) 26... Rd8 27.
d7 Rc5 28. Rab1 h6 (28... Qxa2 $2 29. Qa8 Qa5 30. Rb8 $18) 29. h3 Rc4 (29...
Qxa2 $2 30. Rb8 $1 Rxb8 (30... Qa5 31. Qa8 $18) 31. d8=Q+ Rxd8 32. Rxd8+ Kh7
33. Qf5+ g6 34. Qf6 $18) (29... Rc7 {Horvath,T} 30. Rb8 Rxb8 (30... Ra7 31.
Rxd8+ Qxd8 32. Qc6 $18) 31. d8=Q+ Rxd8 32. Rxd8+ Kh7 33. Qf5+ g6 34. Qf6 $18)
30. Rd5 Qc7 31. Rbd1 Rc1 32. g3 Qc6 33. Rxc1 Qxc1+ 34. Kg2 Qc2 35. a3 Qc6 36.
Qd3 Qb6 37. Kg1 Qe6 38. h4 e4 39. Qd4 Kh7 40. a4 Kg8 41. a5 $1 Kh7 42. Kh2 g6 (
42... Kg8 {Horvath,T} 43. Rd6 Qe7) 43. Rd6 Qf5 44. Rf6 Qxd7 45. Qxe4 {/\ Ra6, /
\ h5/} h5 46. Rxa6 Qd5 47. Qf4 Kg8 48. Rf6 Kg7 (48... Qxa5 49. Rxf7 $18 {
/\ Qf6, /\ Rc7/}) 49. a6 Rd7 50. Qf3 $1 Qc5 (50... Qxf3 51. Rxf3 $18 {/\ Ra3/})
51. Rc6 $1 Qd4 52. Qc3 $18 Qxc3 53. Rxc3 Rd2 54. Ra3 1-0

[Event "Vladivostok op"]
[Site "Vladivostok"]
[Date "1995.??.??"]
[Round "8"]
[White "Saltaev, Mihail"]
[Black "Cherniaev, Alexander"]
[Result "1-0"]
[WhiteElo "2495"]
[BlackElo "2450"]
[Annotator "Gagarin,V"]
[PlyCount "101"]
[EventDate "1995.??.??"]
[EventType "swiss"]
[EventRounds "9"]
[EventCountry "RUS"]
[SourceTitle "CBM 046 Extra"]
[Source "ChessBase"]
[SourceDate "1995.07.01"]
[SourceVersion "1"]
[SourceVersionDate "1995.07.01"]
[SourceQuality "1"]

1. e4 c5 2. Nf3 Nc6 3. d4 cxd4 4. Nxd4 Nf6 5. Nc3 e5 6. Ndb5 d6 7. Bg5 a6 8.
Na3 b5 9. Nd5 Be7 10. Bxf6 Bxf6 11. c3 O-O 12. Nc2 Bg5 (12... Rb8) (12... Bb7)
13. a4 (13. h4 $5 Bh6 14. g4 Bf4 $1 15. Qf3 Be6 $1 16. Nxf4 Qf6 $1 $13) 13...
bxa4 14. Rxa4 a5 15. Bc4 $1 Rb8 16. b3 $1 Kh8 (16... Be6 $5 17. O-O Kh8 18. Qa1
$5 $14 {/\ Rd1, b4/} (18. Qe2 g6 $5 19. Rfa1 Bd7 $1 20. Bb5 $5 Rxb5 $1 21. Qxb5
Nd4 22. Qxa5 $1 Nxc2 23. R1a2 Qb8 24. h4 Bxh4 25. Rxc2 Bxa4 26. Qxa4 Qc8 $13 {
Semeniuk,A-Belikov,V/RUS-ch/1992/0:1/44/}) (18. Na3 $5 g6 19. Nb5 Qd7 20. Ndc7
Bxc4 21. Rxc4 Rfd8 22. Qd5 Rb6 23. f4 $1 Bxf4 24. g3 Be3+ 25. Kg2 Kg8 26. Rf6
$44 {Petrushin,A-Belikov,V/RUS(team ch)/1992/0,5/52/})) 17. O-O g6 $5 (17... f5
18. exf5 Bxf5 19. Nce3 (19. Qe2 Qd7 20. Nce3 Be6 $13) 19... Be6 (19... Bg6 $6
20. Be2 $14 (20. Bd3 $5 $14)) 20. Qd3 $1 (20. Ra1 Qd7 $10) (20. Qc2 Bxe3 $1 $10
) 20... Qd7 $14) (17... Be6 $5 {/\ g6/}) 18. b4 $146 (18. Qe2 Bd7 19. Ra2 f5
20. Rfa1 Bh6 21. b4 axb4 22. Ncxb4 {Ehlvest,J-Fedorowicz,J/Lucerne/1989/0,5/22/
}) (18. Qa1 $5 Be6 (18... Bd7 $5 19. b4 Qc8 {- 18.b4/}) 19. Rd1 (19. b4 $6 axb4
20. cxb4 f5 21. b5 Ne7 22. Ncb4 Rc8 23. exf5 gxf5 24. Ba2 $2 Bd7 $1 $17 {
Kinley-Ammann/Winterthur/1976/}) 19... f5 $5 (19... Qd7 $6 20. b4 axb4 21. cxb4
f5 22. b5 Bxd5 $8 23. Rxd5 $16 {Karpov,A-Sveshnikov,E/URS-ch/Moscow/1973/0,5/
44/}) 20. exf5 gxf5 21. b4 $14) 18... Bd7 19. Qa1 Qc8 $1 {>< Bc4/} 20. Bd3 (20.
bxa5 Nxa5 $132) 20... axb4 21. cxb4 Nd4 $1 22. Nxd4 (22. Ra2 $6 Nb3 $1 23. Qb2
$8 (23. Qd1 $2 Nc1 $1 $17) 23... Nc5 24. Rd1 Bc6 $15) 22... Bxa4 23. Nf3 (23.
Qxa4 $2 exd4 24. Qa1 Bh6 25. Qxd4+ Bg7 $15) 23... Bb3 24. Nxg5 f6 $1 (24...
Bxd5 25. exd5 Rxb4 26. Ne4 $36) 25. Nf3 Bxd5 26. exd5 Rxb4 27. Rc1 Qb7 $10 {
>< d5, |^<->b/} 28. Bc4 Rc8 29. Nd2 Qb6 $6 (29... Rb2 $1 30. Ba6 Rxc1+ 31. Qxc1
Qb6 $1 {/\ Rd2/} 32. Qc8+ (32. Be2 Qb4 33. Qc8+ Kg7 34. Qd7+ Kh6 35. Qh3+ Kg7
36. Qd7+ $10) 32... Kg7 33. Qd7+ Kh6 34. Qh3+ Kg7 35. Qd7+ $10) 30. Be2 $14
Rxc1+ 31. Qxc1 Qd8 $2 (31... Rb2 $1 32. Nc4 (32. h4 Qb4 $132 33. Qc8+ Kg7 34.
Qd7+ Kf8 $1 $10) 32... Rb1 33. Nxb6 Rxc1+ 34. Bf1 Kg7 $14 {/\ f5, e4, Ke5/})
32. g3 Rb8 $2 (32... Kg7 33. Qc3 Ra4 34. Bb5 Qa5 35. Qc6 Ra2 36. Qd7+ Kh6 37.
Nf3 Qa3 $132) 33. Ne4 Qe7 (33... f5 34. Ng5 Rc8 35. Qd2 Kg8 36. Ne6 Qe7 37. h4
$16) 34. Qc6 Rd8 35. h4 $1 $16 Kg7 36. Ba6 h6 37. Bc8 f5 38. Nd2 e4 $6 {Time/}
(38... Kf6 $5 $16) 39. Nc4 Kh8 $6 (39... h5 40. Be6 $16 {/\ Nb6-c8/}) 40. Be6
Kg7 (40... h5 41. Nb6 Qa7 42. Nc8 Qc5 43. Kg2 Kg7 44. Bd7 Qxc6 45. dxc6 d5 46.
Ne7 $18) 41. Ne3 $1 Rf8 (41... h5 $2 42. Bxf5 $18) 42. Qc3+ $1 Kh7 (42... Qf6
43. Qc7+ $18) (42... Rf6 43. Bxf5 $18) 43. h5 $1 $18 f4 44. hxg6+ Kxg6 45. gxf4
Rxf4 46. Ng2 Qg5 47. Qe3 Rf8 48. Qxe4+ Kg7 49. Qd4+ Kh7 50. Qd3+ Kh8 51. Qc3+ (
51. Qc3+ Qg7 $8 {+- Time/}) 1-0

[Event "YUG-chT"]
[Site "Tivat"]
[Date "1995.??.??"]
[Round "1"]
[White "Pavlovic, Milos"]
[Black "Bjelajac, Milan"]
[Result "1-0"]
[WhiteElo "2470"]
[BlackElo "2380"]
[Annotator "Gagarin,V"]
[PlyCount "77"]
[EventDate "1995.??.??"]
[EventType "team-swiss"]
[EventRounds "11"]
[EventCountry "YUG"]
[SourceTitle "CBM 048 Extra"]
[Source "ChessBase"]
[SourceDate "1995.11.01"]
[SourceVersion "1"]
[SourceVersionDate "1995.11.01"]
[SourceQuality "1"]

1. e4 c5 2. Nf3 Nc6 3. d4 cxd4 4. Nxd4 Nf6 5. Nc3 e5 6. Ndb5 d6 7. Bg5 a6 8.
Na3 Be6 9. Nc4 Rc8 10. Bxf6 (10. Nd5) 10... gxf6 (10... Qxf6 $5) 11. Ne3 (11.
Nd5) (11. Bd3) 11... Bh6 12. Bd3 Bxe3 13. fxe3 Qb6 14. Qc1 (14. O-O Qxe3+ 15.
Kh1 $13) (14. Qd2 Ne7 15. O-O Qxb2 $13) 14... h5 $1 (14... Na5 15. O-O Ke7 16.
Qe1 h5 (16... Nc4 $6 17. Nd1 h5 18. b3 Na3 19. c4 Qc5 20. Nc3 b5 21. Nd5+ $1
Bxd5 22. cxd5 $16 {>< Na3/Prasad,D-Koshy,V/Madras(zt)/1995/1:0/38/}) 17. b3
Rxc3 $1 (17... Qc5 $2 18. Nd5+ $1 $16 {Georgiev,Kir-Shirov,A/Biel/1992/1:0/23/}
) 18. Qxc3 Qxe3+ 19. Kh1 Nc6 20. Rae1 Qc5 $1 21. Qd2 Nb8 $1 22. Rf3 Nd7 23.
Ref1 $14 {Kir.Georgiev/}) (14... Nb4 $6 15. O-O $16) 15. O-O Rh6 16. Kh1 (16.
a3 h4 17. Rf2 (17. h3 $5 $14) 17... h3 18. g3 Ne7 19. Qe1 Kf8 20. Rd1 Rc6 21.
Na4 Qc7 22. Qd2 Kg7 $13 {Hjartarson,J-Kharlov,A/Leeuwarden/1995/0,5/39/}) 16...
Ne7 17. a4 $5 $146 (17. a3 $5 h4 18. h3 $1 $14 {Oll/} (18. Qd2 h3 19. g3 {
Oll,L-Sermek,D/Moscow(ol)/1994/1:0/35/} Kf8 $13 {Oll/})) (17. Nd5 $2 Bxd5 $1
18. exd5 Nxd5 $1 19. e4 Nf4 (19... Ne3 {/\ Ng4/}) 20. g3 Nxd3 21. Qxh6 Nf2+ 22.
Kg2 Rxc2 23. Qh8+ Ke7 24. Rac1 Rxb2 $19) 17... Kf8 $6 (17... Rc5 $1 {Oll/} 18.
Nd5 $6 Bxd5 $1 (18... Nxd5 $2 19. exd5 Bd7 (19... Bxd5 $4 20. e4 $18) 20. e4
$16) 19. exd5 Nxd5 $1 20. e4 Nf4 21. g3 Nxd3 22. Qxh6 Rxc2 $40 {/\ Nf2/}) 18.
a5 $1 Qc7 19. Qd2 $16 Kg7 {/\ d5/} (19... d5 $2 20. exd5 Nxd5 $2 21. Nxd5 Bxd5
22. e4 $18) 20. Na4 {/\ Nb6, c4/} d5 21. exd5 Bxd5 (21... Nxd5 22. c4 Ne7 23.
Nb6 $16) 22. Nb6 Rd8 23. Nxd5 Rxd5 (23... Nxd5 24. Qf2 $16) 24. Qe1 Ng6 (24...
f5 25. e4 $1 $16) 25. b4 Rd8 26. Be4 h4 {/\ h3<=>/} 27. h3 $1 Ne7 (27... Rhh8
28. Qe2 (28. Qf2 Rd6 29. c4 Rhd8 30. c5 $16) 28... Rd6 29. c4 Rhd8 30. Bd5 $16)
28. Qe2 Nd5 $2 (28... Qc8 $1 29. Qf3 f5 $1 30. Bxf5 Nxf5 31. Qxf5 Qxf5 32. Rxf5
Rc6 $16 {<=>/}) 29. Rad1 $1 $18 {>< Rh6/} Nxb4 30. Qg4+ Kf8 31. Rxd8+ Qxd8 32.
Rd1 Qb8 (32... Qe8 33. Rd7 Nc6 34. Rc7 $5 Nd8 35. Bxb7 Nxb7 36. Rxb7 $18 {
>< Rh6/}) 33. Rd7 Nc6 34. Bd5 Nd8 (34... Rh7 35. Qf5 $18) 35. Qb4+ $1 Kg7 36.
Qe7 Rh8 37. Rd6 $5 Re8 38. Qxf6+ Kf8 (38... Kg8 39. Rxd8 $1 $18 {/\ Bf7/}) 39.
Rxd8 $1 1-0

[Event "Budapest Hunguest Hotels"]
[Site "Budapest"]
[Date "2003.04.20"]
[Round "9"]
[White "Polgar, Judit"]
[Black "Gelfand, Boris"]
[Result "1/2-1/2"]
[WhiteElo "2715"]
[BlackElo "2700"]
[Annotator "Gelfand,B"]
[PlyCount "58"]
[EventDate "2003.04.11"]
[EventType "tourn"]
[EventRounds "9"]
[EventCountry "HUN"]
[EventCategory "17"]
[SourceTitle "CBM 095"]
[Source "ChessBase"]
[SourceDate "2003.07.25"]
[SourceVersion "1"]
[SourceVersionDate "2003.07.25"]
[SourceQuality "1"]

1. e4 {Rogozenko} c5 2. Nf3 Nc6 3. d4 cxd4 4. Nxd4 Nf6 5. Nc3 e5 6. Ndb5 d6 7.
Bg5 a6 8. Na3 b5 9. Bxf6 gxf6 10. Nd5 f5 11. c3 {Rogozenko: 'Having lost a
principled opening battle against Leko few rounds earlier in the same
tournament, Judit changes the variation and plays a line she used years ago.
This time she was more successful with it, although the opening outcome was
certainly not completely satisfactory for White.'} (11. Bd3 {Rogozenko} Be6 12.
Qh5 Rg8 13. g3 Rg5 14. Qd1 Bxd5 15. exd5 Ne7 {was met in round 5, Polgar,
J-Leko,P/Budapest 2003.}) 11... Bg7 12. exf5 Bxf5 13. Nc2 O-O 14. Nce3 Be6 15.
Bd3 f5 16. O-O Ra7 ({Judit's previous game in this line brought White little
joy:} 16... Kh8 {Rogozenko} 17. Qh5 Bf7 18. Qh3 e4 19. Bc2 Ne5 20. f3 $6 (20.
Rad1 $142) 20... exf3 21. gxf3 Bxd5 22. Nxd5 Qg5+ 23. Kh1 Qd2 24. Bb3 Nd3 25.
Qh5 Rae8 $17 {0-1 Polgar,J-Illescas Cordoba,M/Dos Hermanas 1999 (61).}) (16...
e4 {(Rogozenko) is another possible option.}) 17. f4 {Rogozenko: '17.a4 and 17.
Qh5 are the main options for White, the former being probably stronger.
Although White scored good results in practice after 17.f4, it can hardly set
any problems for Black.'} Ne7 $1 $11 {Rogozenko: 'Gelfand deviates first from
his own game and easily achieves a comfortable position.'} (17... e4 {Rogozenko
} 18. Bc2 Kh8 19. Kh1 a5 20. Qe2 b4 21. Rad1 bxc3 22. bxc3 a4 23. g4 fxg4 24.
Nxg4 Ne7 25. Bxe4 Nxd5 26. Bxd5 Bxg4 27. Qxg4 Bxc3 $11 {1/2-1/2 Voitsekhovsky,
S-Gelfand,B/Belgrade 1998 (29)}) (17... Raf7 {Rogozenko} 18. Kh1 (18. a4 $5)
18... Qb8 19. Bc2 b4 20. Ba4 $1 $14 {1-0 Gashimov,V-Skripchenko,A/Dubai 2003 
(41)}) 18. Bc2 (18. Nxe7+ Rxe7 19. Bc2 $11 (19. fxe5 $140 Qb6)) 18... Nxd5 19.
Nxd5 a5 (19... Qc8 {Rogozenko} 20. Bb3 Kh8 21. Kh1 Qc5 22. Qd3 a5 23. Ne3 e4
24. Qd2 d5 25. a3 Rd7 26. Nc2 Rd6 27. Rad1 Rfd8 28. Qe1 Qb6 29. Qh4 Bc8 30. Qh5
b4 31. axb4 axb4 32. Rxd5 {1/2-1/2 Timofeev,A-Batsanin,D/Togliatti 2003.}) 20.
a4 ({Rogozenko: Stronger is} 20. a3 {'~~' Rogozenko.} Qc8 21. Bb3) 20... Qc8 {
'!' Rogozenko. Rogozenko: 'Black has a nice position. It turns out that
White's activity on the queenside started with the move 20.a4 only favours
Black, who will soon create pressure along the open "a" and "b" files.'} (20...
Rb7 $5) 21. Bb3 Qc5+ 22. Kh1 (22. Rf2 bxa4 23. Rxa4 Rb7 $17) 22... Kh8 (22...
Rb7 23. Ne3 $1) 23. axb5 Qxb5 24. Rf2 (24. Nb4 $2 Bxb3 25. Qxb3 axb4) (24. Ra3
a4 (24... Qc5 $5) 25. Nc7 Rxc7 26. Bxe6 e4 27. Rxa4 Qxb2 $11) 24... a4 25. Ba2
$6 (25. Rd2 Rfa8 26. Ba2 a3 27. b4 e4 28. Rc1 $13) 25... a3 {'|^!' Rogozenko.}
26. Nb4 $2 (26. b4 $15) 26... axb2 $2 (26... Qc5 27. Nd3 Qxf2 $3 {[%mdl 512]}
28. Nxf2 axb2 29. Rb1 Rxa2 30. Qd2 (30. Qxd6 Ra1) 30... exf4 $1 (30... e4 31.
Nd1 (31. Rxb2 e3) 31... Bb3 32. Rxb2 (32. Ne3 Rc8) 32... e3 (32... Rxb2 33.
Nxb2 d5 34. Qe3) 33. Qe1 Rxb2 34. Nxb2 $15) (30... Bb3 31. Nd3 (31. Nd1 e4)
31... e4 32. Rxb2 (32. Nxb2 Rc8 $17 (32... e3 33. Qe2)) 32... Ra1+ 33. Nc1 Be6
34. Rb7 Rc8 35. Rxg7 Kxg7 36. h3 Kf7 37. Kh2 $15) 31. Nd1 (31. Nd3 Rb8 32. Qe1
(32. Nb4 Rxb4 33. cxb4 Ra1 34. Qc2 Be5 35. b5 Ba2) 32... Bg8 33. Nxf4 Ra3 $19)
(31. h3 Rc8 (31... Rg8 32. Nd3 (32. Rxb2 Ra1+ 33. Nd1 Be5) (32. Nd1) 32... Bd5
33. Ne1 Be4 34. Rxb2 $15) 32. Nd1 Be5 33. Rxb2 Ra1 $17) 31... Be5 32. Rxb2 (32.
Nxb2 Rb8 $19) 32... Ra1 33. Kg1 f3 $1 34. gxf3 Rg8+ 35. Kf2 (35. Kh1 f4 $19)
35... f4 $1 $19 (35... Bxh2 36. Qh6 Bg3+ 37. Ke2 Bc4+ 38. Kd2 $13) 36. Rb5 Bh3
37. Ke2 Rg2+ 38. Nf2 Rxh2 39. Rb8+ Kg7 40. Rb7+ Kf6 41. Kd3 d5 42. Rb2 Kf5) 27.
Rxb2 Rfa8 {Rogozenko: 'This is somewhat superficial. Black could have tried to
achieve more:'} (27... Rxa2 {Rogozenko} 28. Rbxa2 Bxa2 29. Rxa2 (29. Nxa2 Qb2
$36) 29... Qc4 {[%csl Rc3,Rf4] White still has problems to solve.}) 28. Rab1 $1
{Rogozenko: 'Thanks to this small tactical trick White escaped the pin along
the a-file.'} Bxa2 29. Nxa2 Qe8 $11 (29... Qe8 30. Qxd6 $2 {Rogozenko} (30. Nb4
{Rogozenko} exf4 $5 $11 {/=/+}) (30. Qxd6 $2 Rxa2 31. Rxa2 Rxa2 32. Rb8 Ra1+)
30... Rxa2 31. Rxa2 Rxa2 32. Rb8 Ra1+) 1/2-1/2